| 000 | 00337nam a22001337a 4500 | ||
|---|---|---|---|
| 020 | _a9789693525977 | ||
| 040 | _cNUST | ||
| 082 | _a297.4 AHM | ||
| 100 |
_aAhmad Rafiq Akhtar, Prof _988617 |
||
| 245 | _aMehzar-e-Takhleeq | ||
| 260 |
_aLAHORE; _bSang E Meel Publications, _c2017. |
||
| 650 |
_aIslam-Sufiism _989532 |
||
| 942 |
_2ddc _cBK |
||
| 999 |
_c587704 _d587704 |
||